000 00278nam a2200121Ia 4500
005 20251222144853.0
008 251222s9999||||xx |||||||||||||| ||spa||
082 _a352/D79
245 0 _aTemas Municipales
250 _a1ra. ed.
264 _bMarí Montaña, S.L.
942 _cLIB
999 _c21679
_d21679